Общая органическая химия: пер. с англ.; в 12 т.
| Andre forfattere: | , |
|---|---|
| Sprog: | russisk |
| Udgivet: |
Москва, Химия, 1981-1988
|
| Format: | MixedMaterials Bog |
| KOHA link: | https://koha.lib.tpu.ru/cgi-bin/koha/opac-detail.pl?biblionumber=46788 |
MARC
| LEADER | 00000nam1a2200000 4500 | ||
|---|---|---|---|
| 001 | 46788 | ||
| 005 | 20231031024932.0 | ||
| 035 | |a (RuTPU)RU\TPU\book\48845 | ||
| 090 | |a 46788 | ||
| 100 | |a 20030128d1981 km y0rusy50 ca | ||
| 101 | 1 | |a rus |c eng | |
| 102 | |a RU | ||
| 200 | 1 | |a Общая органическая химия |e пер. с англ. |e в 12 т. |f Под ред. Д. Бартона и У. Д. Оллиса | |
| 210 | |a Москва |c Химия |d 1981-1988 | ||
| 702 | 1 | |a Бартон |b Д. |g Дерек |4 340 | |
| 702 | 1 | |a Оллис |b У. Д. |g Девид |4 340 | |
| 801 | 1 | |a RU |b 63413507 |c 20030128 |g PSBO | |
| 801 | 2 | |a RU |b 63413507 |c 20160624 |g PSBO | |
| 942 | |c BK | ||